Demandas de agua de la colonia nueva Chinautla, municipalidad de Chinatlan Guatemala
Presenta un aporte de algunas soluciones factibles al problema de suministro de agua, mediante un proyecto de introducción de agua.
| Main Author: | |
|---|---|
| Other Authors: | |
| Format: | Tesis Section = Libro |
| Language: | Undetermined Spanish |
| Published: |
Guatemala
USAC-G
1979
|
| Subjects: |
| LEADER | 00834nam a2200217Ia 4500 | ||
|---|---|---|---|
| 008 | 240830s9999 xx 000 0 und d | ||
| 040 | |a BIBLIOTECA-RUSB/ Mon 628.72811 A162 | ||
| 041 | |a spa | ||
| 082 | |a Mon 628.72811 A162 | ||
| 100 | 1 | |a Abreu Arenas, Salvador Enrique | |
| 245 | 1 | 0 | |a Demandas de agua de la colonia nueva Chinautla, municipalidad de Chinatlan Guatemala |
| 260 | |a Guatemala |b USAC-G |c 1979 | ||
| 300 | |a 24 p. :il. | ||
| 502 | |a Tesis (Ingeniero Civil) - USAC-G, 1979. | ||
| 520 | 3 | |a Presenta un aporte de algunas soluciones factibles al problema de suministro de agua, mediante un proyecto de introducción de agua. | |
| 650 | 7 | |a INGENIERIA SANITARIA RURAL - GUATEMALA | |
| 650 | 7 | |b ABASTECIMIENTO DE AGUA – GUATEMALA | |
| 700 | 1 | |a Tutor: |b Barrientos M., César A. | |
| 942 | |c BK |2 ddc | ||
| 991 | |a TESIS | ||
| 999 | |c 20516 | ||